Guía para la implementacion de economía circular en el cantón Cuenca /

Bibliographic Details
Main Author: Ochoa Ruilova, Johanna (Author)
Format: Electronic eBook
Language:Spanish
Published: Cuenca, Ecuador : Universidad del Azuay, Casa Editora, [2024]
Series:Homo (Universidad del Azuay, Casa Editora)
Subjects:
Online Access:Digitalia Hispánica

MARC

LEADER 00000nam a2200000 i 4500
001 DIGUAZUAY0252
003 NyNyDIG
007 cr |||||||||||
008 260116s2024 ec a ob 000 0 spa d
006 m o d
035 |a (OCoLC)1500719916 
040 |a DGITA  |b eng  |e rda  |e pn  |c DGITA 
020 |a 9789942645623  |q eBook 
020 |z 9789942645616 
043 |a s-ec--- 
050 1 4 |a HC79.E5 ebook 
100 1 |a Ochoa Ruilova, Johanna,  |e author. 
245 1 0 |a Guía para la implementacion de economía circular en el cantón Cuenca /  |c Johanna Ochoa Ruilova [and 4 others]. 
264 1 |a Cuenca, Ecuador :  |b Universidad del Azuay, Casa Editora,  |c [2024] 
300 |a 1 online resource :  |b illustrations. 
336 |a text  |b txt  |2 rdacontent 
337 |a computer  |b c  |2 rdamedia 
338 |a online resource  |b cr  |2 rdacarrier 
347 |a text file  |2 rdaft 
347 |b PDF 
490 1 |a Homo 
504 |a Includes bibliographical references. 
588 0 |a Online resource; title from PDF title page (Digitalia, viewed January 16, 2026) 
650 0 |a Circular economy  |z Ecuador  |z Cuenca Region. 
650 0 |a Sustainable development  |z Ecuador  |z Cuenca Region. 
791 2 |a Digitalia (Firm),  |e distributor. 
793 0 |g Digitalia eBook Collection:  |a Universidad del Azuay 
776 0 8 |i Print version:  |a Ochoa Ruilova, Johanna.  |t Guía para la implementacion de economía circular en el cantón Cuenca.  |d Cuenca, Ecuador : Universidad del Azuay, Casa Editora, [2024]  |z 9789942645616 
830 0 |a Homo (Universidad del Azuay, Casa Editora) 
856 4 0 |3 Digitalia Hispánica  |u https://www.digitaliapublishing.com/a/170480/ 
910 |a Premium collection: 2026